000 00592nam a22001697a 4500
003 BD-ChCU
005 20251210114531.0
008 251210b bg ||||| |||| 00| 0 ben d
040 _cBD-ChCU
082 _aM 523.2 SOL
100 _aSternig, John.
_917919
245 _aThe Solar system :
_bthe solar system consists of the sun, the planets and their moons, their asteriods, comets and other materials under the control of the sun.//
_cJohn Sternig.
260 _aChicago.
_bDenoyer Geppert.
_c1961
300 _a105x134.3cm.
650 0 _aSolar System - Maps.
_917921
942 _2ddc
_cBK
_n0
999 _c110330
_d110330